[Event "Trieste op 24th"]
[Site "Trieste"]
[Date "2022.09.04"]
[Round "3"]
[White "Mazi, Leon"]
[Black "Sepehrkhoui, Ardeshir"]
[Result "1-0"]
[WhiteElo "2333"]
[BlackElo "2226"]
[PlyCount "107"]
[EventDate "2022.09.03"]
[EventType "swiss"]
[EventRounds "9"]
[EventCountry "ITA"]
[SourceTitle "CBM 210 Extra"]
[Source "ChessBase"]
[SourceDate "2022.11.30"]
[SourceVersion "1"]
[SourceVersionDate "2022.11.30"]
[SourceQuality "1"]

1. e4 c5 2. Nf3 Nc6 3. d4 cxd4 4. Nxd4 Nf6 5. Nc3 d6 6. Bg5 e6 7. Qd2 a6 8. 0-0-0 Bd7 9. f3 Nxd4 10. Qxd4 Be7 11. Kb1 Rc8 12. h4 h6 13. Be3 h5 14. Bg5 Qc7 15. Qd2 b5 16. g3 Rb8 17. Bh3 a5 18. Ne2 b4 19. Rhe1 a4 20. Nd4 a3 21. b3 Bf8 22. Qd3 Nh7 23. Bd2 Be7 24. c4 bxc3 25. Bxc3 0-0 26. Rc1 Qb6 27. Nc2 Qb7 28. Bb4 Bb5 29. Qd2 Rfd8 30. Bxa3 Nf8 31. Nd4 Be8 32. Bf1 Ra8 33. Bb4 Rdb8 34. Bc3 Ra7 35. Bc4 Rba8 36. Rc2 Rc8 37. Bb2 Rc5 38. a4 Ra8 39. Rec1 Rd8 40. Bb5 Rxc2 41. Qxc2 e5 42. Nc6 Bxc6 43. Qxc6 Qb8 44. Qc7 Bf6 45. Qxb8 Rxb8 46. Rc6 Be7 47. Bc4 Rb7 48. Bd5 Ra7 49. Rc8 g5 50. hxg5 Bxg5 51. Ba3 Be7 52. Bc1 Kg7 53. Be3 Rd7 54. a5 1-0

[Event "Trieste op 23rd"]
[Site "Trieste"]
[Date "2021.09.01"]
[Round "6"]
[White "Sepehrkhoui, Ardeshir"]
[Black "Christiansen, Johan Sebastian"]
[Result "0-1"]
[WhiteElo "2259"]
[BlackElo "2620"]
[PlyCount "122"]
[EventDate "2021.08.28"]
[EventType "swiss"]
[EventRounds "9"]
[EventCountry "ITA"]
[SourceTitle "CBM 204 Extra"]
[Source "ChessBase"]
[SourceDate "2021.11.30"]
[SourceVersion "1"]
[SourceVersionDate "2021.11.30"]
[SourceQuality "1"]

1. Nf3 d5 2. g3 Nc6 3. d4 Bf5 4. c4 e6 5. Bg2 Nf6 6. 0-0 Be7 7. b3 0-0 8. Bb2 Ne4 9. Nfd2 Nf6 10. a3 a5 11. e3 h5 12. h3 Qd7 13. Kh2 Rfd8 14. Nc3 Bd3 15. Rg1 Qe8 16. f4 Bf8 17. Bf3 Bg6 18. Qe2 b6 19. Rac1 Rac8 20. Nb5 Qd7 21. Qg2 Ne7 22. g4 a4 23. bxa4 c6 24. Nc3 hxg4 25. hxg4 Bd3 26. Kg3 g6 27. c5 bxc5 28. dxc5 e5 29. fxe5 Qc7 30. Kf2 Qxe5 31. Qg3 Qxg3+ 32. Rxg3 Bg7 33. Be2 Bxe2 34. Kxe2 Rb8 35. Ba1 Nd7 36. e4 Nxc5 37. Nxd5 Nxd5 38. exd5 Rxd5 39. Bxg7 Kxg7 40. Rgc3 Nxa4 41. Rxc6 Re8+ 42. Kd1 Re3 43. Ra1 Red3 44. Rc2 Rg3 45. Ke2 Rxg4 46. Kf3 Rh4 47. Kg3 Rhd4 48. Nf3 Rd3 49. Rc4 Nc5 50. Kg2 Rf5 51. Nh4 Rd2+ 52. Kg3 Rfd5 53. Nf3 R2d3 54. Kg2 Nb3 55. Ra2 Nd2 56. Rf4 g5 57. Ne1 gxf4 58. Nxd3 Rxd3 59. a4 f3+ 60. Kg3 Ne4+ 61. Kf4 f2 0-1

[Event "Trieste op 23rd"]
[Site "Trieste"]
[Date "2021.08.29"]
[Round "2"]
[White "Sepehrkhoui, Ardeshir"]
[Black "Halkias, Stelios"]
[Result "0-1"]
[WhiteElo "2259"]
[BlackElo "2567"]
[PlyCount "128"]
[EventDate "2021.08.28"]
[EventType "swiss"]
[EventRounds "9"]
[EventCountry "ITA"]
[SourceTitle "CBM 204 Extra"]
[Source "ChessBase"]
[SourceDate "2021.11.30"]
[SourceVersion "1"]
[SourceVersionDate "2021.11.30"]
[SourceQuality "1"]

1. Nf3 d5 2. g3 Nf6 3. Bg2 e6 4. 0-0 Be7 5. c4 0-0 6. d4 c6 7. Nbd2 b6 8. Qc2 Bb7 9. e4 Na6 10. a3 dxc4 11. e5 Nd5 12. Nxc4 c5 13. dxc5 Nxc5 14. b4 Nd7 15. Nd6 Nxe5 16. Nxb7 Nxf3+ 17. Bxf3 Qd7 18. Rd1 Bf6 19. Bb2 Bxb2 20. Qxb2 Qxb7 21. Bxd5 exd5 22. Rd4 Rad8 23. Rad1 Rd6 24. Qb3 Rfd8 25. b5 Qd7 26. a4 h6 27. Qf3 Qe6 28. Kg2 R6d7 29. R1d3 Qe5 30. Rd2 Rd6 31. R2d3 g6 32. Qd1 Qe7 33. Qf3 Qd7 34. Qf4 Kg7 35. Qd2 h5 36. h4 Kg8 37. Qg5 Kg7 38. Qd2 Qe7 39. Kh2 Qd7 40. Rc3 Qe7 41. Rcd3 Qb7 42. Qb2 Kg8 43. Qd2 Rf6 44. Kg1 Rf5 45. Re3 Qc7 46. Rc3 Qe7 47. Kg2 Re5 48. Rcd3 Qe6 49. Re3 Rxe3 50. fxe3 Rc8 51. Qd3 Qf6 52. Rf4 Qb2+ 53. Rf2 Qe5 54. Rd2 Rc5 55. Qd4 Qf5 56. Qf4 Qe6 57. Qb8+ Kg7 58. Qxa7 Qe4+ 59. Kh2 Qxe3 60. Rg2 Rc1 61. a5 Qe1 62. Kh3 Qh1+ 63. Rh2 Qf1+ 64. Rg2 Rc2 0-1

[Event "Trieste op 22nd"]
[Site "Trieste"]
[Date "2020.08.30"]
[Round "3"]
[White "Brunello, Sabino"]
[Black "Sepehrkhoui, Ardeshir"]
[Result "1/2-1/2"]
[WhiteElo "2532"]
[BlackElo "2237"]
[PlyCount "149"]
[EventDate "2020.08.29"]
[EventType "swiss"]
[EventRounds "9"]
[EventCountry "ITA"]
[SourceTitle "CBM 198 Extra"]
[Source "ChessBase"]
[SourceDate "2020.11.30"]
[SourceVersion "1"]
[SourceVersionDate "2020.11.30"]
[SourceQuality "1"]

1. d4 Nf6 2. c4 e6 3. Nf3 Bb4+ 4. Bd2 a5 5. g3 b6 6. Bg2 Bb7 7. 0-0 Bxd2 8. Nbxd2 0-0 9. Qc2 d6 10. e4 Nc6 11. Rad1 Qe7 12. Rfe1 e5 13. Nf1 Rfe8 14. d5 Nb4 15. Qb1 Na6 16. Ne3 Bc8 17. b3 Nc5 18. Nd2 Bd7 19. Rc1 Reb8 20. a3 b5 21. cxb5 Bxb5 22. Rc3 c6 23. dxc6 Bxc6 24. Nf5 Qd7 25. Qc2 Nfxe4 26. Nxe4 Qxf5 27. Nxd6 Qxc2 28. Rxc2 Bxg2 29. Kxg2 Nd3 30. Re3 Rxb3 31. Rd2 Nc5 32. Rxe5 Ne6 33. Nc4 a4 34. Rd7 g6 35. Re2 Rc3 36. Ne5 Rc7 37. Re4 Rxd7 38. Nxd7 Ra6 39. Rc4 Kg7 40. Ne5 Ra7 41. Kf3 Nc7 42. Nc6 Ra8 43. Nd4 Ne6 44. Nxe6+ fxe6 45. Ke4 Kf6 46. h4 h5 47. f3 Ra5 48. g4 g5 49. hxg5+ Rxg5 50. gxh5 Re5+ 51. Kd3 Rf5 52. Ke3 Rxh5 53. Rxa4 Re5+ 54. Re4 Rd5 55. Rd4 Ra5 56. a4 e5 57. Rc4 Kf5 58. Kd3 Rd5+ 59. Kc2 Ke6 60. Kb3 Kd6 61. Kb4 Rd3 62. Rc3 Rd4+ 63. Kb5 e4 64. fxe4 Rxe4 65. a5 Re1 66. a6 Rb1+ 67. Ka5 Ra1+ 68. Kb6 Rb1+ 69. Ka7 Kd7 70. Ka8 Rb2 71. a7 Rb1 72. Rc2 Rb3 73. Rh2 Kc7 74. Rh8 Rb1 75. Rh7+ 1/2-1/2

[Event "Anti Cheating Blitz Cup"]
[Site "Chess.com INT"]
[Date "2020.05.20"]
[Round "11"]
[White "Ohanyan, Emin"]
[Black "Sepehrkhoui, Ardeshir"]
[Result "1-0"]
[WhiteElo "2291"]
[BlackElo "2237"]
[PlyCount "105"]
[EventDate "2020.05.20"]
[EventType "swiss (blitz)"]
[EventRounds "11"]
[EventCountry "USA"]
[SourceTitle "CBM 196 Extra"]
[Source "ChessBase"]
[SourceDate "2020.07.31"]
[SourceVersion "1"]
[SourceVersionDate "2020.07.31"]
[SourceQuality "1"]

1. e4 c5 2. Nf3 Nc6 3. d4 cxd4 4. Nxd4 Nf6 5. Nc3 e5 6. Ndb5 d6 7. Bg5 a6 8. Na3 b5 9. Bxf6 gxf6 10. Nd5 Bg7 11. c3 Ne7 12. Nc2 Bb7 13. Nce3 Nxd5 14. Nxd5 0-0 15. Bd3 Kh8 16. 0-0 Rg8 17. Qh5 Qf8 18. f4 Bh6 19. Nxf6 Rg6 20. fxe5 Rg5 21. Qh3 dxe5 22. Rf5 Bc8 23. Raf1 Bxf5 24. Rxf5 Qg7 25. Nd5 Rg8 26. g3 Rg6 27. Qf1 Rf8 28. Qf3 Bg5 29. Kg2 Bd8 30. c4 bxc4 31. Bxc4 Rc6 32. b3 Rd6 33. Qh5 Kg8 34. Rf2 Rh6 35. Qf3 Rg6 36. Ne3 Rf6 37. Nf5 Qg5 38. h4 Qg6 39. g4 Kh8 40. g5 Bb6 41. Rd2 Rc6 42. Rd7 Bd4 43. Nxd4 exd4 44. Rxd4 f6 45. Rd5 Qg7 46. Rf5 Rd6 47. Kh3 Rd4 48. gxf6 Qg6 49. Rg5 Qe8 50. f7 Qc8+ 51. Qf5 Qxf5+ 52. exf5 Rd7 53. Rg8+ 1-0

[Event "Anti Cheating Blitz Cup"]
[Site "Chess.com INT"]
[Date "2020.05.20"]
[Round "10"]
[White "Sepehrkhoui, Ardeshir"]
[Black "Albertini, Luca"]
[Result "1-0"]
[WhiteElo "2237"]
[BlackElo "2142"]
[PlyCount "165"]
[EventDate "2020.05.20"]
[EventType "swiss (blitz)"]
[EventRounds "11"]
[EventCountry "USA"]
[SourceTitle "CBM 196 Extra"]
[Source "ChessBase"]
[SourceDate "2020.07.31"]
[SourceVersion "1"]
[SourceVersionDate "2020.07.31"]
[SourceQuality "1"]

1. Nf3 d5 2. g3 Nc6 3. d4 Nf6 4. Bg2 Bf5 5. c4 e6 6. Nc3 Bb4 7. 0-0 0-0 8. Qb3 Bxc3 9. bxc3 Rb8 10. Ba3 Re8 11. Nh4 Na5 12. Qa4 Nxc4 13. Nxf5 exf5 14. e3 a6 15. Bc1 Ne4 16. Qc2 c6 17. a4 b5 18. axb5 axb5 19. Ra6 Rb6 20. Ra2 Qc8 21. Bh3 g6 22. f3 Nf6 23. Re1 Ra6 24. Rxa6 Qxa6 25. Re2 Ra8 26. Kg2 Qa1 27. Rf2 Na3 28. Bxa3 Rxa3 29. Bxf5 gxf5 30. Qxf5 Ne8 31. Qc8 Ra8 32. Qxc6 Qa6 33. Qxd5 Nf6 34. Qg5+ Kf8 35. e4 Ng8 36. Qf5 Re8 37. Qc5+ Ne7 38. Rb2 Rc8 39. Qe5 Rxc3 40. Rxb5 Rc2+ 41. Kh3 Qh6+ 42. Qh5 Qxh5+ 43. Rxh5 Kg7 44. d5 Ng6 45. Rf5 Rd2 46. Rg5 Kf6 47. Rh5 Ne5 48. Rf5+ Kg6 49. Rxe5 Rd3 50. Rf5 f6 51. Kg4 Rd2 52. h4 h5+ 53. Rxh5 Rd4 54. Rf5 Rd1 55. Rf4 Re1 56. h5+ Kg7 57. h6+ Kg6 58. h7 Rh1 59. Rf5 Rxh7 60. Kf4 Rh1 61. g4 Rh4 62. d6 Rh1 63. Rd5 Rh8 64. d7 Rd8 65. Ke3 Kf7 66. Kf4 Ke6 67. g5 fxg5+ 68. Kxg5 Rg8+ 69. Kf4 Rd8 70. Ke3 Ke7 71. f4 Ke6 72. f5+ Ke7 73. Kf4 Kf7 74. e5 Ke7 75. Kg5 Kf7 76. e6+ Ke7 77. Kf4 Kf6 78. Ke4 Kg7 79. Ke5 Kf8 80. f6 Kg8 81. e7 Rf8 82. exf8Q+ Kh7 83. Qg7# 1-0

[Event "Nova Gorica op 25th"]
[Site "Nova Gorica"]
[Date "2020.01.24"]
[Round "1"]
[White "Jovanovic, Zoran"]
[Black "Sepehrkhoui, Ardeshir"]
[Result "1-0"]
[WhiteElo "2519"]
[BlackElo "2257"]
[PlyCount "116"]
[EventDate "2020.01.24"]
[EventType "swiss"]
[EventRounds "9"]
[EventCountry "SLO"]
[SourceTitle "CBM 194"]
[Source "ChessBase"]
[SourceDate "2020.01.27"]
[SourceVersion "1"]
[SourceVersionDate "2020.01.27"]
[SourceQuality "1"]

1. e4 c5 2. Nc3 e6 3. Nge2 Nc6 4. g3 a6 5. Bg2 g6 6. d4 cxd4 7. Nxd4 Bg7 8. Be3 Nge7 9. 0-0 0-0 10. Nxc6 Nxc6 11. Qd2 Ne5 12. b3 Qc7 13. Bd4 f6 14. f4 Nf7 15. a4 b6 16. a5 bxa5 17. Na4 Rb8 18. Bc3 Rb5 19. Rfd1 d5 20. exd5 Rd8 21. Bd4 Rbxd5 22. Bxd5 Rxd5 23. Qe2 e5 24. Bb6 Rxd1+ 25. Rxd1 Qc6 26. Qc4 Qxc4 27. bxc4 exf4 28. gxf4 Bf5 29. Rd2 Bh6 30. Bc7 g5 31. Rf2 Bd7 32. Nb6 Bc6 33. Nd5 Kg7 34. Ne7 Be4 35. Nf5+ Kg6 36. Nxh6 Kxh6 37. fxg5+ Kxg5 38. Bxa5 f5 39. Bc7 Kf6 40. Rd2 Ke6 41. Kf2 Bc6 42. Ke3 Bh1 43. c3 Bb7 44. Bf4 Bc6 45. Kd4 Be4 46. Ra2 Bb7 47. Rb2 Bc8 48. c5 Kd7 49. Rb6 Nd8 50. Rh6 Ne6+ 51. Ke5 Nxc5 52. Kd5 Nd3 53. Rxh7+ Ke8 54. Bd6 Bd7 55. h4 Nf2 56. Re7+ Kd8 57. Rf7 Ng4 58. Rf8+ Be8 1-0

[Event "Trieste Excelsior Palace op 4th"]
[Site "Trieste"]
[Date "2020.01.04"]
[Round "3"]
[White "Sepehrkhoui, Ardeshir"]
[Black "Naumkin, Igor"]
[Result "0-1"]
[WhiteElo "2257"]
[BlackElo "2406"]
[PlyCount "119"]
[EventDate "2020.01.03"]
[EventType "swiss"]
[EventRounds "5"]
[EventCountry "ITA"]
[SourceTitle "CBM 194 Extra"]
[Source "ChessBase"]
[SourceDate "2020.03.31"]
[SourceVersion "1"]
[SourceVersionDate "2020.03.31"]
[SourceQuality "1"]

1. Nf3 Nf6 2. g3 d5 3. Bg2 c5 4. 0-0 Nc6 5. d4 cxd4 6. Nxd4 e6 7. b3 Bc5 8. Nxc6 bxc6 9. Bb2 h5 10. h3 Qd6 11. e3 e5 12. Nd2 e4 13. a3 a5 14. b4 axb4 15. axb4 Rxa1 16. Qxa1 Bxb4 17. Rd1 0-0 18. Nxe4 Nxe4 19. Bxe4 Qh6 20. Bg2 h4 21. Qa4 Be7 22. g4 f5 23. gxf5 Bxf5 24. c4 Qg6 25. cxd5 Bc2 26. Qc4 Bxd1 27. d6+ Qf7 28. Qxf7+ Kxf7 29. dxe7 Rc8 30. e8R Kxe8 31. Bxg7 Kf7 32. Bc3 Rg8 33. Kh2 Ke6 34. f4 c5 35. e4 Bc2 36. f5+ Kd7 37. f6 Ke6 38. Bf3 Rg5 39. Bg4+ Kf7 40. e5 Bb3 41. Be1 Rxe5 42. Bxh4 Be6 43. Bf3 c4 44. Bg3 Re3 45. Kg2 Kxf6 46. Kf2 Ra3 47. Bd6 Rd3 48. Bf4 c3 49. h4 c2 50. Be4 Rc3 51. Bc1 Bb3 52. h5 Ke5 53. Bg6 Rc6 54. h6 Rxg6 55. h7 Rf6+ 56. Ke1 Rf8 57. Bb2+ Ke4 58. Kd2 Rf2+ 59. Kc3 Rh2 60. Kxb3 0-1

[Event "Trieste op 21st"]
[Site "Trieste"]
[Date "2019.09.06"]
[Round "8"]
[White "Sarkar, Justin"]
[Black "Sepehrkhoui, Ardeshir"]
[Result "1-0"]
[WhiteElo "2357"]
[BlackElo "2218"]
[PlyCount "57"]
[EventDate "2019.08.31"]
[EventType "swiss"]
[EventRounds "9"]
[EventCountry "ITA"]
[SourceTitle "EXT 2020"]
[Source "ChessBase"]
[SourceDate "2019.10.17"]
[SourceVersion "1"]
[SourceVersionDate "2019.10.17"]
[SourceQuality "1"]

1. d4 b5 2. e4 Bb7 3. Bxb5 Bxe4 4. Nf3 Nf6 5. 0-0 e6 6. c4 Be7 7. Nc3 Bf5 8. d5 0-0 9. Bf4 Qc8 10. Qe2 a5 11. Rfd1 Na6 12. Bxa6 Rxa6 13. Nb5 Bd8 14. Ne5 exd5 15. cxd5 Re8 16. Qc4 g5 17. Bg3 Nh5 18. d6 Be6 19. Qd3 c6 20. Nc7 Bxc7 21. dxc7 f6 22. Nxd7 Bd5 23. Qf5 Kg7 24. Re1 Bf7 25. Rxe8 Bxe8 26. Re1 Bg6 27. Re7+ Kh6 28. Qe6 c5 29. Nb6 1-0

[Event "Trieste op 21st"]
[Site "Trieste"]
[Date "2019.09.03"]
[Round "5"]
[White "Sepehrkhoui, Ardeshir"]
[Black "Plenca, Jadranko"]
[Result "0-1"]
[WhiteElo "2218"]
[BlackElo "2462"]
[PlyCount "68"]
[EventDate "2019.08.31"]
[EventType "swiss"]
[EventRounds "9"]
[EventCountry "ITA"]
[SourceTitle "EXT 2020"]
[Source "ChessBase"]
[SourceDate "2019.10.17"]
[SourceVersion "1"]
[SourceVersionDate "2019.10.17"]
[SourceQuality "1"]

1. Nf3 d5 2. g3 g6 3. Bg2 Bg7 4. d4 Nd7 5. 0-0 Ngf6 6. b3 c5 7. e3 0-0 8. Bb2 b6 9. Ne5 Bb7 10. f4 e6 11. Nd2 a5 12. a4 Rc8 13. Ba3 Rc7 14. g4 Nxe5 15. dxe5 Nd7 16. g5 Qa8 17. Qe2 Rd8 18. Rfd1 Qa6 19. c4 Rcc8 20. Kf2 Nb8 21. h4 Nc6 22. Rac1 Rc7 23. Nb1 Rcd7 24. cxd5 Qxe2+ 25. Kxe2 exd5 26. Rc2 d4 27. Rcd2 Ba6+ 28. Ke1 Nb4 29. Bxb4 axb4 30. Bh3 Rc7 31. exd4 cxd4 32. Rxd4 Rxd4 33. Rxd4 Bf8 34. Nd2 Rc1+ 0-1

[Event "Trieste op 21st"]
[Site "Trieste"]
[Date "2019.09.01"]
[Round "3"]
[White "Sepehrkhoui, Ardeshir"]
[Black "Tiviakov, Sergei"]
[Result "0-1"]
[WhiteElo "2218"]
[BlackElo "2611"]
[PlyCount "112"]
[EventDate "2019.08.31"]
[EventType "swiss"]
[EventRounds "9"]
[EventCountry "ITA"]
[SourceTitle "EXT 2020"]
[Source "ChessBase"]
[SourceDate "2019.10.17"]
[SourceVersion "1"]
[SourceVersionDate "2019.10.17"]
[SourceQuality "1"]

1. Nf3 Nf6 2. g3 b6 3. Bg2 Bb7 4. 0-0 g6 5. c4 Bg7 6. Nc3 0-0 7. d4 Ne4 8. Nxe4 Bxe4 9. Be3 d6 10. Qd2 e6 11. Rfd1 Nd7 12. Rac1 Qe7 13. Bh6 f5 14. Bxg7 Kxg7 15. b4 Nf6 16. Qb2 Rfd8 17. a3 Rac8 18. Qc3 Bxf3 19. exf3 c5 20. dxc5 dxc5 21. Bf1 Rxd1 22. Rxd1 Kf7 23. b5 Rd8 24. Ra1 Qd6 25. a4 Qd4 26. Qe1 g5 27. a5 h6 28. axb6 axb6 29. Ra3 Qb2 30. Re3 Rd6 31. Re2 Qb3 32. Re3 Qa2 33. Qc3 Rd1 34. Re1 Qd2 35. Qxd2 Rxd2 36. Ra1 h5 37. Ra7+ Nd7 38. Kg2 f4 39. Ra8 Nf6 40. Rb8 Rd6 41. h4 gxh4 42. gxf4 Rd1 43. Be2 Rd2 44. Bf1 Nd7 45. Rh8 Nf8 46. Rxh5 Ng6 47. Kg1 Kf6 48. Rh7 Rd1 49. Rh5 Rd4 50. Rh7 Nxf4 51. Rb7 Rd1 52. Kh2 Ke5 53. Rf7 Rd2 54. Kg1 h3 55. Rh7 Rd1 56. Rh4 Kf5 0-1

[Event "Trieste op 20th"]
[Site "Trieste"]
[Date "2018.09.08"]
[Round "9"]
[White "Loiacono, Antonio"]
[Black "Sepehrkhoui, Ardeshir"]
[Result "1-0"]
[WhiteElo "2278"]
[BlackElo "2158"]
[PlyCount "51"]
[EventDate "2018.09.01"]
[EventType "swiss"]
[EventRounds "9"]
[EventCountry "ITA"]
[SourceTitle "CBM 186 Extra"]
[Source "ChessBase"]
[SourceDate "2018.08.24"]
[SourceVersion "1"]
[SourceVersionDate "2018.08.24"]
[SourceQuality "1"]

1. e4 c6 2. d4 d5 3. Nc3 dxe4 4. Nxe4 Nf6 5. Nxf6+ exf6 6. Be3 Qb6 7. Qc1 Bf5 8. Nf3 h5 9. Be2 h4 10. h3 g5 11. c3 Nd7 12. a4 Qc7 13. a5 a6 14. b4 Bd6 15. Nd2 0-0-0 16. Nc4 Bh2 17. Kf1 Rdg8 18. Nb6+ Kd8 19. d5 cxd5 20. Nxd5 Qe5 21. Qd2 Ke8 22. Re1 Kf8 23. Bd4 Qb8 24. Nxf6 Nxf6 25. Bxf6 Rh7 26. Rxh2 1-0

[Event "Trieste op 20th"]
[Site "Trieste"]
[Date "2018.09.02"]
[Round "3"]
[White "Soumya, Swaminathan"]
[Black "Sepehrkhoui, Ardeshir"]
[Result "1/2-1/2"]
[WhiteElo "2380"]
[BlackElo "2158"]
[PlyCount "44"]
[EventDate "2018.09.01"]
[EventType "swiss"]
[EventRounds "9"]
[EventCountry "ITA"]
[SourceTitle "CBM 186 Extra"]
[Source "ChessBase"]
[SourceDate "2018.08.24"]
[SourceVersion "1"]
[SourceVersionDate "2018.08.24"]
[SourceQuality "1"]

1. e4 c6 2. d4 d5 3. e5 c5 4. c4 e6 5. Nf3 Nc6 6. cxd5 exd5 7. dxc5 Bxc5 8. Be2 Nge7 9. 0-0 0-0 10. Nc3 Be6 11. Bg5 a6 12. h3 Qb8 13. Rc1 Ba7 14. Bd3 d4 15. Ne2 Ng6 16. Bxg6 hxg6 17. Nexd4 Nxd4 18. Nxd4 Qxe5 19. Nxe6 fxe6 20. Qd2 Rf7 21. Be3 Bxe3 22. fxe3 Raf8 1/2-1/2

[Event "Trieste op 17th"]
[Site "Trieste"]
[Date "2015.08.29"]
[Round "1"]
[White "Sepehrkhoui, Ardeshir"]
[Black "Codenotti, Marco"]
[Result "1/2-1/2"]
[WhiteElo "2115"]
[BlackElo "2424"]
[PlyCount "89"]
[EventDate "2015.08.29"]
[EventType "swiss"]
[EventRounds "9"]
[EventCountry "ITA"]
[SourceTitle "EXT 2016"]
[Source "ChessBase"]
[SourceDate "2015.10.08"]
[SourceVersion "1"]
[SourceVersionDate "2015.10.08"]
[SourceQuality "1"]

1. d4 d5 2. Nf3 Nf6 3. c4 c6 4. Nc3 dxc4 5. a4 a5 6. e3 Bg4 7. Bxc4 e6 8. h3 Bh5 9. Be2 Bb4 10. 0-0 0-0 11. Qb3 Qe7 12. e4 h6 13. e5 Nd5 14. Na2 Na6 15. Nxb4 Naxb4 16. Bd2 Rad8 17. Rac1 Kh8 18. g4 Bg6 19. Rfe1 f5 20. g5 f4 21. Kh2 hxg5 22. Rg1 Bh5 23. Rg2 Rf5 24. Rcg1 c5 25. dxc5 Rc8 26. Bxb4 axb4 27. Nd4 Bxe2 28. Nxf5 exf5 29. Qxd5 g4 30. Rh1 Bf3 31. Qd4 gxh3 32. Kxh3 Rc6 33. Qxf4 Rh6+ 34. Kg3 Rxh1 35. Kxf3 Qd7 36. Rh2+ Rxh2 37. Qxh2+ Kg8 38. Qf4 Qxa4 39. Qxf5 Qb3+ 40. Kg2 Qd5+ 41. Kg3 Qxc5 42. Qe6+ Kf8 43. Qf5+ Kg8 44. Qe6+ Kf8 45. Qf5+ 1/2-1/2

[Event "Trieste op 16th"]
[Site "Trieste"]
[Date "2014.08.30"]
[Round "1"]
[White "Sepehrkhoui, Ardeshir"]
[Black "Dvirnyy, Danyyil"]
[Result "0-1"]
[WhiteElo "2134"]
[BlackElo "2530"]
[PlyCount "90"]
[EventDate "2014.08.30"]
[EventType "swiss"]
[EventRounds "9"]
[EventCountry "ITA"]
[SourceTitle "CBM 162 Extra"]
[Source "ChessBase"]
[SourceDate "2014.10.17"]
[SourceVersion "1"]
[SourceVersionDate "2014.10.17"]
[SourceQuality "1"]

1. Nf3 Nf6 2. c4 c5 3. g3 Nc6 4. Bg2 d5 5. cxd5 Nxd5 6. 0-0 Nc7 7. b3 e5 8. Bb2 f6 9. Nc3 Be6 10. Rc1 Qd7 11. d3 Rd8 12. Re1 Be7 13. a3 0-0 14. Ne4 Na6 15. Nc3 Rfe8 16. Nd2 Bf8 17. Nde4 Qf7 18. Nd2 Nd4 19. Nce4 Nxb3 20. Rb1 b6 21. Qc2 Nd4 22. Qa4 Nb8 23. e3 Nf5 24. Bf1 Qd7 25. Qc2 Rc8 26. Bc3 Nc6 27. Qb2 Nfe7 28. Qa1 Nd5 29. Bb2 Bf7 30. Red1 Rc7 31. Be2 Rb8 32. Rbc1 Rbc8 33. Kh1 Na5 34. g4 h6 35. Rg1 b5 36. h4 c4 37. d4 exd4 38. Bxd4 b4 39. axb4 Bxb4 40. Qb1 c3 41. Nf3 c2 42. Qb2 Qe7 43. Ng3 Ba3 44. Qb5 Bxc1 45. Rxc1 Qb4 0-1

[Event "Acqui Terme op 2nd"]
[Site "Acqui Terme"]
[Date "2013.07.08"]
[Round "2"]
[White "Sepehrkhoui, Ardeshir"]
[Black "Drasko, Milan"]
[Result "1/2-1/2"]
[WhiteElo "2112"]
[BlackElo "2458"]
[PlyCount "91"]
[EventDate "2013.07.07"]
[EventType "swiss"]
[EventRounds "9"]
[EventCountry "ITA"]
[SourceTitle "EXT 2014"]
[Source "ChessBase"]
[SourceDate "2013.11.20"]
[SourceVersion "1"]
[SourceVersionDate "2013.11.20"]
[SourceQuality "1"]

1. Nf3 Nf6 2. g3 d5 3. Bg2 c6 4. 0-0 Bg4 5. d3 e6 6. Nbd2 Be7 7. Qe1 0-0 8. e4 a5 9. Ne5 Bh5 10. h3 Nfd7 11. Nxd7 Nxd7 12. a4 f5 13. Nb3 Nc5 14. Nxc5 Bxc5 15. Be3 Qb6 16. Bxc5 Qxc5 17. Qc3 Qxc3 18. bxc3 fxe4 19. dxe4 Rad8 20. Rab1 Rf7 21. Rfe1 Bg6 22. f4 dxe4 23. Bxe4 Rd2 24. Rb2 Re7 25. Kf1 Kf7 26. Bxg6+ Kxg6 27. Re2 Rxe2 28. Kxe2 e5 29. fxe5 Rxe5+ 30. Kd3 b5 31. c4 bxc4+ 32. Kxc4 Re4+ 33. Kd3 Rxa4 34. Rb6 Ra1 35. Rxc6+ Kf5 36. Rc7 Kf6 37. Rc6+ Kg5 38. Rc5+ Kh6 39. Ke3 a4 40. Ra5 a3 41. Kf2 Kg6 42. c4 Kf6 43. c5 Ke5 44. c6+ Kd6 45. Ra6 Kc7 46. Kg2 1/2-1/2

[Event "IRI-ch sf"]
[Site "Tehran"]
[Date "2005.08.10"]
[Round "8"]
[White "Sepehrkhoui, Ardeshir"]
[Black "Asadi, Sadegh"]
[Result "1-0"]
[WhiteElo "2152"]
[BlackElo "2190"]
[PlyCount "55"]
[EventDate "2005.08.03"]
[EventType "swiss"]
[EventRounds "9"]
[EventCountry "IRI"]
[SourceTitle "EXT 2006"]
[Source "ChessBase"]
[SourceDate "2005.11.24"]
[SourceVersion "1"]
[SourceVersionDate "2005.11.24"]
[SourceQuality "1"]

1. Nf3 Nf6 2. d4 b6 3. g3 Bb7 4. Bg2 e6 5. c4 Be7 6. 0-0 0-0 7. d5 exd5 8. Nh4 c6 9. cxd5 Nxd5 10. Nf5 Re8 11. e4 Nc7 12. Qg4 Ne6 13. Nc3 Kh8 14. e5 Ba6 15. Rd1 f6 16. Bf1 Rf8 17. Ne4 Qe8 18. Re1 h5 19. Qf3 Ng5 20. Qd1 Bb4 21. Ned6 Qg6 22. Ne7 Qh6 23. Qc2 fxe5 24. Ng6+ Kg8 25. Bxg5 Qxg5 26. Qb3+ Kh7 27. Nxf8+ Kh6 28. Nf7# 1-0